| 000 | 00742nam a2200253 u 4500 | ||
|---|---|---|---|
| 005 | 20230309182213.0 | ||
| 008 | 190124s2015 r 000 0 eng d | ||
| 020 | _a9788498886924 | ||
| 035 | _aUPN01000228580 | ||
| 040 |
_aUPN _bspa _cUPN |
||
| 049 | _aCG | ||
| 050 | 4 |
_aHQ1194 _bM5.3 |
|
| 100 | 1 |
_aMies, María _942601 |
|
| 245 | 1 | 0 |
_aEcofeminismo : _bteoría, crítica y perspectivas / _cMaría Mies, Vandana Shiva ; tr. Mireia Bofill. |
| 260 |
_aBarcelona, Esp. : _bIcaria, _c2015. |
||
| 300 | _a501 p. | ||
| 440 | 0 |
_aAntrazyt. _pEcología ; _v436 |
|
| 534 |
_pTÍtulo original: _tEcofeminism |
||
| 650 | 4 |
_aEcofeminismo _916225 |
|
| 700 | 1 |
_aShiva, Vandana, _eCoaut. |
|
| 905 | _aLibro | ||
| 942 |
_2lcc _cLIBRO |
||
| 999 |
_c200675 _d200675 |
||